Регионална библиотека "Любен Каравелов" - Русе

Афоня [видео DVD] (Запис номер 219814)

MARC детайли
000 -Лидер
Контролно поле с фиксирана дължина 00887ngm a2200325 a 4500
003 - Код на организацията, давaща контролен номер
Контролно поле BLK
005 - Дата и час на последна редакция
Контролно поле 20240529153930.0
007 - Фиксирано поле за физическо описани
fixed length control field! m| caa|akaadaaaac
008 - Елементи от данни с фиксирана дължина
fixed length control field 180410b bul||n||s|||||||| mlbulo|
010 ## - Наследен системен номер
LC control number CDD00002238000
040 ## - Източник на каталожния запис
Идентификатор на билиотеката - собственик на записа BLK
041 ## - Код за език
Код за езика на текст/звукозапис или на отделно заглавие Български
Код за езика КДБФ Български
080 ## - УДК
Текстов определител УДК Комедии
УДК код - определител по УДК 791.221.2
УДК - код + определител 791.221.2
139 ## - Редно поле
Редна дума Афоня [видео DVD]
Авторски знак Аф - А 94
245 10 - Сведения за заглавието
Заглавие Афоня [видео DVD]
257 ## - Страна на издаване
Страна на създаване/издаване България
260 ## - Област на издателските данни
Име на издателя, разпространителя и проч. Мултивижън
Година на издаване 2006
380 ## - Жанр
Жанр Изкуство
490 ## - СЕРИИ (Колекции)
Име на серия Особености на руското кино
№: серия 24
590 ## - Забележки на библиотеката, притежаваща документа (RLIN)
Служебно S.N: 70313 от КНИГИ
852 ## - Местоположение
Форматна сигнатура Цб CD 4792
Част 0
856 4# - Електронен адрес и достъп
Електронен формат pdf - файл
Път до файла /url/
856 4# - Електронен адрес и достъп
Електронен формат pdf - файл
Път до файла /url/
942 ## - АРТИКУЛИ
Вид на библиотечния материал Компактдискове
Скрит в OPAC Не
Koha issues (borrowed), all copies 1
Периодичен библиозапис Да
944 ## - СЪЗДАВАНЕ И РЕДАКЦИЯ на ЗАПИСА
Създаване/Редакция Създаване
Дата на регистрацията/редакция 29.12.2006
Служител, извършил регистрацията/редакцията 30560
Статус, дата на статуса Геновева Генчева
944 ## - СЪЗДАВАНЕ И РЕДАКЦИЯ на ЗАПИСА
Създаване/Редакция Редакция
Дата на регистрацията/редакция 05.12.2008
999 ## - СИСТЕМНИ КОНТРОЛНИ НОМЕРА
Koha biblionumber 219814
Koha biblioitemnumber 219814
999 ## - СИСТЕМНИ КОНТРОЛНИ НОМЕРА
Koha biblioitemnumber 219814
999 ## - СИСТЕМНИ КОНТРОЛНИ НОМЕРА
Koha biblioitemnumber 219814
999 ## - СИСТЕМНИ КОНТРОЛНИ НОМЕРА
Koha biblioitemnumber 219814
Наличности
Код за отписване Код за изгубен артикул Източник на класификационната схема Код за повреда Коз за рестрикции Код за отдаване Артикулен № Име на библиотеката - собственик Име на библиотеката, в която се намира в момента Статус (Текущо местоположение) Дата на вписване в системата Местоположение - отдел Цена в лева Инвентарен номер Систематично азбучна сигнатура Баркод Номер на екземпляра Цена в евро Служебна бележка Служебен тип на артикула
  Не е изгубен Universal Decimal Classification Не е повреден без рестрикции заемане за дома 391440 Регионална библиотека "Любен Каравелов" Русе Регионална библиотека "Любен Каравелов" Русе Отдел Изкуство - подръчен фонд 2006-12-29 Отдел Изкуство - подръчен фонд 3.90 250000001939 791.221.2/А 94 250000001939 1 1.99 Дост: Pk Вид: Ф N: 733 Дата: 18.12.2006 Компактдискове
  Не е изгубен Universal Decimal Classification Не е повреден без рестрикции заемане за дома 391441 Регионална библиотека "Любен Каравелов" Русе Регионална библиотека "Любен Каравелов" Русе Отдел Изкуство - подръчен фонд 2008-12-08 Отдел Изкуство - подръчен фонд 3.00 250000003492 791.221.2/А 94 250000003492 2 1.53 Дост: DA Вид: А N: 14 Дата: 08.12.2008 Съставил: Валя_Йорданова Компактдискове
Vip Innovations Ltd, Rousse, Bulgaria 2025